La fatiga de los metales
Gespeichert in:
| 1. Verfasser: | |
|---|---|
| Format: | Buch |
| Sprache: | Spanisch |
| Veröffentlicht: |
Madrid
Aguilar
1957
|
| Schlagworte: | |
| Tags: |
Tag hinzufügen
Keine Tags, Fügen Sie den ersten Tag hinzu!
|
MARC
| LEADER | 00000nam a2200000 a 4500 | ||
|---|---|---|---|
| 001 | UCP2791 | ||
| 003 | CL-VaPUC | ||
| 008 | 990531e19570000SP |||||||||||||||||spa|d | ||
| 082 | 0 | 4 | |a 620.1126 |b CAZ |2 21 |
| 100 | 0 | |a Cazaud, R |e author |9 429752 | |
| 245 | 1 | 3 | |a La fatiga de los metales |
| 300 | |a 564 p | ||
| 942 | |c BK | ||
| 945 | |d 19990531 00:00:00 |a cmena | ||
| 260 | |a Madrid |b Aguilar |c 1957 | ||
| 650 | 0 | |a Resistencia de materiales |9 260095 | |
| 650 | 0 | |a Metalurgia |9 263720 | |
| 650 | 0 | |a Metales |9 260686 | |
| 650 | 0 | |a Propiedades mecánicas |9 262507 | |
| 650 | 7 | |a FATIGA DE MATERIALES |2 CL-VaPUC |9 361346 | |
| 583 | |a last modification |c 20180305 10:37:54 |k Rodrigo Vera | ||
| 999 | |c 281261 |d 281259 | ||